|
|
|
|
| LEADER |
00000nam0a2200000 4500 |
| 001 |
124732 |
| 005 |
20231031131115.0 |
| 010 |
|
|
|a 9785699221639
|
| 035 |
|
|
|a (RuTPU)RU\TPU\book\134986
|
| 090 |
|
|
|a 124732
|
| 100 |
|
|
|a 20071107d2007 m y0rusy50 ca
|
| 101 |
0 |
|
|a rus
|
| 102 |
|
|
|a RU
|
| 105 |
|
|
|a y z 000ay
|
| 200 |
1 |
|
|a Там, где лес не растет
|e фантастический роман
|f М. Семёнова
|
| 210 |
|
|
|a Москва
|c Эксмо
|a СПб.
|c Домино
|d 2007
|
| 215 |
|
|
|a 480 с.
|
| 225 |
1 |
|
|a Боевая магия
|
| 610 |
1 |
|
|a русская литература
|
| 610 |
1 |
|
|a романы
|
| 610 |
1 |
|
|a фантастика
|
| 610 |
1 |
|
|a фэнтези
|
| 675 |
|
|
|a Р2
|v 3
|
| 700 |
|
1 |
|a Семенова
|b М. В.
|c русская писательница
|f 1958
|g Мария Васильевна
|2 stltpush
|3 (RuTPU)RU\TPU\pers\42058
|4 070
|
| 801 |
|
1 |
|a RU
|b 63413507
|c 20071107
|g PSBO
|
| 801 |
|
2 |
|a RU
|b 63413507
|c 20181025
|g PSBO
|
| 942 |
|
|
|c BK
|
| 959 |
|
|
|a 78/20071106
|d 1
|e 193,38
|f ХФ:1
|